00557nam a22001817a 4500003000900000008004100009020002200050040007100072082002300143100002200166245002300188260005300211300001100264440003800275505003600313650001200349650001400361AR-CdUCM190409b ||||| |||| 00| 0 spa d a978-968-16-8271-2 aMUNICIPALIDAD PROVINCIAL DEL CUSCOcBIBLIOTECA MUNICIPAL DEL CUSCO aPI / 808.06 /bK58 aKitamura, Satoshi aPablo el artista / aMéxico :bFondo de cultura económica,c2016. c27 cm. a25 años a la orilla del viento. aContenido :Pablo el artista ... aCuentos aHistorias